000
00455nam a2200193Ia 4500
008
151119s9999||||xx |||||||||||||| ||und||
082
_a
891.461
082
_b
GKKV20336
100
_a
माधव वसंत
245
_a
धुनी
260
_a
--
260
_b
--
260
_c
1999
600
_a
माधव वसंत
630
_a
धुनी
700
_a
माधव वसंत
730
_a
धुनी
942
_c
BOOK
999
_c
1073220
_d
1073217